Brain food : 100+ games that make kids think

Bibliographic Details
Main Author: Fleisher, Paul
Corporate Author: Title
Other Authors: Keeler, Patricia
Format: Book
Published: Selangor : Masterpiece , 1997
Subjects:

MARC

LEADER 00000cam a2200000 7i4500
001 0000006533
005 20070816.0
008 070816
020 |a 9833710611 
090 0 0 |a 371.3 FLE 
100 1 |a Fleisher, Paul 
245 1 0 |a Brain food :   |b 100+ games that make kids think   |c Paul Fleisher; illustrated by Patricia Keeler 
260 |a Selangor :   |b Masterpiece ,   |c 1997 
500 |a For grades 4-12 
500 |a Include word games, Math games, logic games, memory games and more 
650 0 |a Education   |x Methods of instruction 
700 1 |a Keeler, Patricia 
710 0 |a Title 
999 |a 0000985096   |b Book   |c Adult Collection   |e Perbadanan Perpustakaan Awam Johor 
999 |a 0000985099   |b Book   |c Adult Collection   |e Perbadanan Perpustakaan Awam Johor 
999 |a 0000985100   |b Book   |c REFERENCE   |e Perbadanan Perpustakaan Awam Johor